| 000 | 00633nam a22001697a 4500 | ||
|---|---|---|---|
| 003 | MACL | ||
| 005 | 20160727130223.0 | ||
| 008 | 160727b xxu||||| |||| 00| 0 eng d | ||
| 040 | _cMACL | ||
| 041 | _aHindi | ||
| 082 | _a320 SIN | ||
| 100 |
_aसिंह, आनन्दी _965473 |
||
| 245 |
_aभारत की राष्ट्रीय एकता और शिक्षा _cआनन्दी सिंह |
||
| 260 |
_aनई दिल्ली _bपुस्तक प्रतिष्ठान _c2014 |
||
| 650 |
_aराजनीतिक विज्ञान _965107 |
||
| 942 |
_2ddc _cHIN |
||
| 999 |
_c55102 _d55102 |
||